Mezinárodní měnové instituce

Na minha lista:
Detalhes bibliográficos
Autor principal: Marková, Jana
Formato: Livro
Idioma:tcheco
Publicado em: Praha VŠE 1992
Edição:1. vyd.
Assuntos:
Tags: Adicionar Tag
Sem tags, seja o primeiro a adicionar uma tag!

MARC

LEADER 00000nam a2200000 4500
001 c001701
005 20221214090015.2
020 |a 80-7079-422-4 
041 0 |a cze 
044 |a CZ 
245 1 0 |a Mezinárodní měnové instituce  |c Jana Marková 
250 |a 1. vyd. 
264 1 |a Praha  |b VŠE  |c 1992 
300 |a 78 s. 
610 2 0 |a organizácie medzinárodné 
610 2 0 |a vzťahy peňažné medzinárodné 
610 2 0 |a spolupráca hospodárska medzinárodná 
610 2 0 |a euromena 
610 2 0 |a Európska investičná banka 
610 2 0 |a EMA 
610 2 0 |a Európsky fond pre menovú spoluprácu 
610 2 0 |a MIB 
610 2 0 |a IBRD 
610 2 0 |a Európsky menový systém 
610 2 0 |a Medzinárodný menový fond 
610 2 0 |a ČSFR 
610 2 0 |a Európske spoločenstvá 
100 1 |a Marková, Jana